Score 0/8 Timer 01:30
10 Plays Today
Country % Correct
Greece
91.5%
Syria
87.4%
Iraq
85.9%
Iran
85.1%
Georgia
77%
Armenia
76.2%
Bulgaria
71.6%
Azerbaijan
69.7%

You're not logged in!

Compare scores with friends on all Sporcle quizzes.
OR
Log In

Sporcle TV

Today on Sporcle TV


Watch our educational content, quiz creation guides, and fun videos on Sporcle TV.

Show Comments

Extras

Top Quizzes Today


Score Distribution

Paid Content

Your Account Isn't Verified!

In order to create a playlist on Sporcle, you need to verify the email address you used during registration. Go to your Sporcle Settings to finish the process.

Report this User

Report this user for behavior that violates our Community Guidelines.

Details: